[Event "AUTO-OPEN-3487"]
[Site "http://www.queenalice.com/game.php?id=1384469"]
[Date "2015.9.21"]
[Round "2"]
[White "FabioDavid"]
[Black "Justiceseeker"]
[Result "1-0"]
[WhiteElo "2560"]
[BlackElo "2255"]

1. b3 d5 2. Bb2 Nf6 3. e3 Bf5 4. Nf3 c5 5. Bb5+ Nbd7 6. Nh4 a6 7. Be2 Be6 8. f4
g6 9. O-O Qc7 10. c4 dxc4 11. bxc4 Rg8 12. Nf3 O-O-O 13. Ng5 Qb6 14. Ba3 h6 15.
Nxe6 Qxe6 16. Nc3 Bg7 17. Rb1 1-0

[Event "AUTO-MASTER-2380"]
[Site "http://www.queenalice.com/game.php?id=1391446"]
[Date "2015.10.30"]
[Round "1"]
[White "clovis"]
[Black "Justiceseeker"]
[Result "0-1"]
[WhiteElo "2149"]
[BlackElo "2259"]

1. e4 c5 2. Nf3 e6 3. c3 Nc6 4. d4 cxd4 5. cxd4 Nf6 6. e5 Nd5 7. Bd3 Bb4+ 8. Bd2
Nf4 9. Be4 Nxg2+ 10. Ke2 Nh4 11. Rg1 Nxf3 12. Bxf3 Nxd4+ 13. Kf1 Qa5 14. Rxg7
Bxd2 15. Nxd2 Qxe5 16. Rg3 Nxf3 17. Rxf3 Qxh2 18. Ke2 b6 19. Ne4 Qe5 20. Re3
Qxb2+ 21. Ke1 Rg8 22. Nd6+ Kf8 23. Kf1 Ba6+ 0-1

[Event "AUTO-MASTER-2380"]
[Site "http://www.queenalice.com/game.php?id=1391447"]
[Date "2015.10.30"]
[Round "1"]
[White "Justiceseeker"]
[Black "clovis"]
[Result "1-0"]
[WhiteElo "2252"]
[BlackElo "2094"]

1. e4 e5 2. Nf3 Nc6 3. d4 exd4 4. Nxd4 Bc5 5. Be3 Bxd4 6. Bxd4 Nxd4 7. Qxd4 Nf6
8. Nc3 O-O 9. O-O-O d6 10. e5 Ne8 11. Ne4 Bf5 12. Bc4 Bxe4 13. Qxe4 Qg5+ 14. f4
Qe7 15. Qxb7 dxe5 16. Qxa8 1-0

[Event "AUTO-MASTER-2380"]
[Site "http://www.queenalice.com/game.php?id=1391462"]
[Date "2015.10.30"]
[Round "1"]
[White "Justiceseeker"]
[Black "Strogonoff"]
[Result "1-0"]
[WhiteElo "2257"]
[BlackElo "2077"]

1. e4 e5 2. Nf3 Nc6 3. d4 exd4 4. Nxd4 Nxd4 5. Qxd4 f6 6. Nc3 c6 7. Bc4 b6 8.
O-O Bc5 9. Qd3 Ne7 10. Be3 Bxe3 11. Qxe3 b5 12. Bb3 a5 13. a3 a4 14. Ba2 Ng6 15.
f4 Qe7 16. Rae1 d6 17. Ne2 Be6 18. Bxe6 Qxe6 19. f5 Qe5 20. fxg6 hxg6 21. Qf4
Qxb2 22. Qxd6 Qe5 23. Qxc6+ Kf7 24. Qb7+ 1-0

[Event "AUTO-MASTER-2380"]
[Site "http://www.queenalice.com/game.php?id=1391463"]
[Date "2015.10.30"]
[Round "1"]
[White "Strogonoff"]
[Black "Justiceseeker"]
[Result "0-1"]
[WhiteElo "2068"]
[BlackElo "2264"]

1. e4 c5 2. Nf3 e6 3. d4 cxd4 4. Nxd4 a6 5. Nc3 Nc6 6. Nxc6 bxc6 7. Bd3 d6 8.
O-O Nf6 9. Bg5 Be7 10. f4 O-O 11. Bxf6 Bxf6 12. Qd2 Qb6+ 13. Kh1 Qxb2 14. Ne2
Qa3 15. Rab1 d5 16. e5 Bd8 17. c4 Ba5 18. Qc2 Qc5 19. Bxh7+ Kh8 20. Bd3 f6 21.
cxd5 Qxc2 22. Bxc2 exd5 23. exf6 Rxf6 24. g3 Bh3 25. Rfd1 Bg4 26. Bd3 c5 27. Rf1
c4 28. Bxc4 dxc4 29. Nd4 Rd8 0-1

[Event "AUTO-MASTER-2380"]
[Site "http://www.queenalice.com/game.php?id=1391464"]
[Date "2015.10.30"]
[Round "1"]
[White "Justiceseeker"]
[Black "maxchessbr"]
[Result "0-1"]
[WhiteElo "2264"]
[BlackElo "2283"]

1. e4 d5 2. exd5 Qxd5 3. Nc3 Qa5 4. d4 c6 5. Be2 Nf6 6. Nf3 Bg4 7. Ne5 Bxe2 8.
Qxe2 e6 9. O-O Be7 10. Bd2 Qb6 11. Qd3 Nbd7 12. Nxd7 Nxd7 13. a3 Nf6 14. Rfe1
O-O 15. Na4 Qc7 16. c4 Rfd8 17. b4 b6 18. Bc3 c5 19. Qe3 cxd4 20. Bxd4 Qxc4 21.
Bxb6 Nd5 22. Nb2 Qa6 0-1

[Event "AUTO-MASTER-2380"]
[Site "http://www.queenalice.com/game.php?id=1391465"]
[Date "2015.10.30"]
[Round "1"]
[White "maxchessbr"]
[Black "Justiceseeker"]
[Result "1-0"]
[WhiteElo "2311"]
[BlackElo "2268"]

1. d4 Nf6 2. c4 e6 3. Nf3 d5 4. g3 c5 5. Nc3 cxd4 6. Nb5 Nc6 7. Nfxd4 e5 8. Nxc6
bxc6 9. Nc3 Bb4 10. cxd5 cxd5 11. Qa4+ 1-0

[Event "AUTO-ELITE-1552"]
[Site "http://www.queenalice.com/game.php?id=1394781"]
[Date "2015.11.18"]
[Round "2"]
[White "Justiceseeker"]
[Black "Paulzinho"]
[Result "0-1"]
[WhiteElo "2193"]
[BlackElo "2290"]

1. e4 c5 2. Nf3 d6 3. d4 cxd4 4. Nxd4 Nf6 5. Nc3 g6 6. Be3 Bg7 7. f3 O-O 8. Qd2
Nc6 9. O-O-O d5 10. exd5 Nxd5 11. Nxc6 bxc6 12. Nxd5 cxd5 13. Qxd5 Qc7 14. Bd3
Rb8 0-1

[Event "AUTO-ELITE-1552"]
[Site "http://www.queenalice.com/game.php?id=1394782"]
[Date "2015.11.18"]
[Round "2"]
[White "Paulzinho"]
[Black "Justiceseeker"]
[Result "1-0"]
[WhiteElo "2274"]
[BlackElo "2134"]

1. e4 c6 2. d4 d5 3. f3 e6 4. Nc3 Nf6 5. Bg5 Be7 6. Qd2 h6 7. Bf4 O-O 8. Nge2
Nbd7 9. e5 Nh5 10. Be3 g5 11. h4 Ng7 12. hxg5 Bxg5 13. f4 Be7 14. Rxh6 Nf5 15.
Rh3 1-0

[Event "AUTO-MASTER-2317"]
[Site "http://www.queenalice.com/game.php?id=1394783"]
[Date "2015.11.18"]
[Round "2"]
[White "WeirdGoblin"]
[Black "Justiceseeker"]
[Result "1-0"]
[WhiteElo "2382"]
[BlackElo "2184"]

1. d4 Nf6 2. Nf3 e6 3. c4 d5 4. Nc3 Bb4 5. Bg5 h6 6. Bh4 Bxc3+ 7. bxc3 b6 8.
cxd5 exd5 9. e3 O-O 10. Bd3 Nbd7 11. O-O c6 12. Ne5 Qc7 13. f4 1-0

[Event "AUTO-MASTER-2317"]
[Site "http://www.queenalice.com/game.php?id=1394784"]
[Date "2015.11.18"]
[Round "2"]
[White "Justiceseeker"]
[Black "WeirdGoblin"]
[Result "0-1"]
[WhiteElo "2178"]
[BlackElo "2374"]

1. e4 e6 2. d4 d5 3. Nd2 c5 4. Ngf3 Nf6 5. e5 Nfd7 6. c3 Nc6 7. Be2 Qb6 8. Nb3
a5 9. a4 Be7 10. O-O O-O 11. Bb5 cxd4 12. cxd4 Nb4 0-1

[Event "AUTO-MASTER-2317"]
[Site "http://www.queenalice.com/game.php?id=1394789"]
[Date "2015.11.18"]
[Round "2"]
[White "Justiceseeker"]
[Black "Takeda"]
[Result "1-0"]
[WhiteElo "2257"]
[BlackElo "2096"]

1. c4 e5 2. Nc3 Nf6 3. Nf3 Nc6 4. g3 d5 5. cxd5 Nxd5 6. Bg2 Nxc3 7. bxc3 Bf5 8.
Qb3 Qc8 9. Ng5 Be6 10. Nxe6 Qxe6 11. Qxb7 1-0

[Event "AUTO-MASTER-2317"]
[Site "http://www.queenalice.com/game.php?id=1394790"]
[Date "2015.11.18"]
[Round "2"]
[White "Takeda"]
[Black "Justiceseeker"]
[Result "1-0"]
[WhiteElo "1990"]
[BlackElo "2169"]

1. e4 c5 2. Nf3 e6 3. d4 cxd4 4. Nxd4 Nf6 5. Bg5 Qa5+ 6. Qd2 Qxd2+ 7. Nxd2 a6 8.
Bxf6 gxf6 9. O-O-O Bh6 10. Kb1 Nc6 11. Nxc6 bxc6 12. Nc4 Ke7 13. Nb6 Rb8 14.
Nxc8+ Rhxc8 15. Bxa6 Rc7 16. Rd3 Ra7 17. Bc4 d5 18. exd5 cxd5 19. Bb3 1-0

[Event "AUTO-MASTER-2354"]
[Site "http://www.queenalice.com/game.php?id=1394859"]
[Date "2015.11.18"]
[Round "2"]
[White "Justiceseeker"]
[Black "AntonioMelo"]
[Result "0-1"]
[WhiteElo "2221"]
[BlackElo "2188"]

1. e4 d6 2. d4 Nf6 3. Nc3 g6 4. f4 Bg7 5. Nf3 O-O 6. Be2 Nc6 7. h3 a6 8. Be3 Nh5
9. g4 Ng3 10. Rg1 Nxe2 11. Qxe2 b5 12. f5 e5 13. Qf2 exd4 14. Nxd4 Ne5 15. O-O-O
c5 16. Nb3 b4 17. Nd5 c4 18. Nc5 dxc5 19. f6 Nd7 20. Bxc5 Bxf6 21. Bxf8 Bg5+ 22.
Kb1 Qxf8 23. h4 Bd8 24. h5 b3 0-1

[Event "AUTO-MASTER-2354"]
[Site "http://www.queenalice.com/game.php?id=1394860"]
[Date "2015.11.18"]
[Round "2"]
[White "AntonioMelo"]
[Black "Justiceseeker"]
[Result "1-0"]
[WhiteElo "2163"]
[BlackElo "2244"]

1. f4 d5 2. Nf3 g6 3. e3 Bg7 4. Be2 Nf6 5. O-O O-O 6. d4 Nbd7 7. c3 Ne4 8. Nbd2
Ndf6 9. Ne5 Nxd2 10. Bxd2 Ne4 11. Bf3 f5 12. Be1 Bxe5 13. fxe5 Bd7 14. Qb3 Bc6
15. Bxe4 fxe4 16. Bh4 Qd7 17. Qb4 e6 18. Bf6 1-0

[Event "AUTO-MASTER-2354"]
[Site "http://www.queenalice.com/game.php?id=1394861"]
[Date "2015.11.18"]
[Round "2"]
[White "Justiceseeker"]
[Black "capaputi"]
[Result "0-1"]
[WhiteElo "2142"]
[BlackElo "2282"]

1. Nf3 Nf6 2. c4 c5 3. g3 Nc6 4. Bg2 g6 5. O-O Bg7 6. Nc3 O-O 7. d3 d6 8. Rb1
Bd7 9. a3 a6 10. b4 cxb4 11. axb4 b5 12. cxb5 axb5 13. Nxb5 Rb8 14. Nfd4 Qb6 15.
Nxc6 Bxc6 16. Bxc6 Qxc6 17. Nd4 Qb6 18. Nc2 Nd5 19. Bd2 Rfc8 20. Rb3 Qc6 21. Na3
Qa4 22. Qb1 Bc3 23. Rd1 Bxd2 24. Rxd2 Rxb4 25. Rxb4 Qxb4 26. Qxb4 Nxb4 27. Nc4
Nd5 28. Kg2 Kg7 0-1

[Event "AUTO-MASTER-2354"]
[Site "http://www.queenalice.com/game.php?id=1394862"]
[Date "2015.11.18"]
[Round "2"]
[White "capaputi"]
[Black "Justiceseeker"]
[Result "1-0"]
[WhiteElo "2273"]
[BlackElo "2269"]

1. e4 d6 2. Nf3 g6 3. Bc4 Bg7 4. O-O Nf6 5. Nc3 Nbd7 6. d4 O-O 7. Bg5 e5 8. dxe5
Nxe5 9. Nxe5 dxe5 10. Qf3 Bg4 11. Qg3 Bd7 12. Qh4 c6 13. Rad1 1-0

[Event "AUTO-MASTER-2295"]
[Site "http://www.queenalice.com/game.php?id=1396077"]
[Date "2015.11.26"]
[Round "2"]
[White "Justiceseeker"]
[Black "Constante"]
[Result "0-1"]
[WhiteElo "2253"]
[BlackElo "2339"]

1. d4 Nf6 2. c4 e6 3. Nf3 b6 4. g3 Ba6 5. Qc2 Bb7 6. Bg2 Be4 7. Qb3 Nc6 8. Nc3
Nxd4 9. Nxd4 Bxg2 10. Rg1 Bb7 11. f3 Bc5 12. Be3 d5 13. Kf2 e5 0-1

[Event "AUTO-MASTER-2295"]
[Site "http://www.queenalice.com/game.php?id=1396078"]
[Date "2015.11.26"]
[Round "2"]
[White "Constante"]
[Black "Justiceseeker"]
[Result "1-0"]
[WhiteElo "2339"]
[BlackElo "2230"]

1. e4 e6 2. d4 d5 3. Nc3 Nf6 4. e5 Nfd7 5. f4 c5 6. Nf3 Nc6 7. Be3 cxd4 8. Nxd4
Bc5 9. Qd2 a6 10. O-O-O Nxd4 11. Bxd4 Qc7 12. h4 b5 13. Rh3 1-0